00442nmm a2200157Ia 4500008004100000020001800041041000800059100001700067245001600084264006800100300001800168650002200186856005200208942000700260999001700267251105s9999||||xx |||||||||||||||||und|| a9788499481159 aspa aGago, Toñi 0aLa sanadora a[Madrid, España] :bEditorial Club Universitario: ECU, c2010 a253 páginas aSpanish narrative uhttps://public.digitaliapublishing.com/a/173188 cCF c92898d92898